000 01156cam a22003494a 4500
001 14630808
003 OSt
005 20231030062446.0
008 061108s2007 paua b 001 0 eng
010 _a 2006037517
016 7 _a101292064
_2DNLM
020 _a9781416024507
020 _a1416024506
035 _a(OCoLC)ocm76183546
035 _a(OCoLC)76183546
040 _aDNLM/DLC
_cDLC
_dNLM
_dBTCTA
_dBAKER
_dC#P
_dYDXCP
_dDLC
042 _apcc
050 0 0 _aRJ45
_b.N4 2007
060 1 0 _aWS 100
_bN432 2007
082 0 0 _aWO 100 N331r 2007
_222
100 _aKliegman, Robert; Nelson, Waldo E.
_916818
245 0 0 _aNelson Textbook of Pediatrics
250 _a18th ed.
260 _aPhiladelphia;
_bSaunders,
_c2007.
300 _alii, 3147 p. :
_bcol.ill;
_c29 cm.
504 _aIncludes bibliographical references and index.
650 0 _aPediatrics.
_93353
856 4 1 _3Table of contents only
_uhttp://www.loc.gov/catdir/toc/ecip074/2006037517.html
906 _a7
_bcbc
_corignew
_d1
_eecip
_f20
_gy-gencatlg
942 _2ddc
_cSLOAN
999 _c3957
_d3957